000 00389pab a2200157 454500
008 180718b1998 xxu||||| |||| 00| 0 eng d
100 _aKarnik, Ajit
245 _aBudget 1998-99: focusing on wrong issues
260 _c1998
300 _ap.2001-006
362 _a18-24 Jul
650 _aBudget - India
650 _aBudget
773 _aEconomic and Political Weekly
909 _a38200
999 _c38200
_d38200